000 00800nam a2200217Ii 4500
003 JO-AjNU
008 230605s9999||||xx |||||||||||||| ||und||
017 _a2000/9/1615
020 _a1-57547-819-6
040 _aJO-AjNU
_bara
_erda
_cJO-AjNU
041 _aara
050 1 4 _aBP189.26.I26.B876 2003
100 3 _aالبوطي، محمد سعيد رمضان,
_eauthor
_941028
245 0 0 _aالحكم العطائية شرح وتحليل، ج1
264 3 1 _aبيروت- دمشق: دار الفكر المعاصر ، دار الفكر، 2003
300 _aج1، 396ص
336 _atext
_btxt
_2rdacontent
337 _aunmediated
_bn
_2rdamedia
338 _avolume
_bnc
_2rdacarrier
650 4 _aالتصوف- الزهد- الادعية والاوراد- الحكم والمأثورات
_941029
999 _aA17459
_c21027
_d21027